000 00469nam a2200145 i 4500
001 43029
003 ES-MaACL
007 t|
008 030314s1954 sp ||||1| spa d
245 0 0 _aCenicero, ciudad (MCMIV-MCMLIV) /
_cimprecación y prólogo por José Mª Lope Toledo.
260 _aLogroño :
_b[s.n.,
_c1954] (
_fImp. Moderna)
300 _a23 h., 3 lám. :
_bil. ;
_c33 cm.
700 1 _aLope Toledo, José María.
_973281
852 _aES-MaACL
_jC-9372
_bR.37443
999 _c43029
_d43029